Genetic factors in "schizophrenia." (Record no. 1236)

MARC details
000 -LEADER
fixed length control field 00925cam a2200289 4500
005 - DATE AND TIME OF LATEST TRANSACTION
control field 20260322212052.0
008 - FIXED-LENGTH DATA ELEMENTS--GENERAL INFORMATION
fixed length control field data
010 ## - LIBRARY OF CONGRESS CONTROL NUMBER
LC control number 79161166
020 ## - INTERNATIONAL STANDARD BOOK NUMBER
International Standard Book Number 0398023271
020 ## - INTERNATIONAL STANDARD BOOK NUMBER
International Standard Book Number 9780398023270
040 ## - CATALOGING SOURCE
Original cataloging agency DLC
Transcribing agency DLC
Modifying agency YUS
-- OCL
-- DLC
-- NLM
-- YUS
049 ## - LOCAL HOLDINGS (OCLC)
Holding library YU31
050 0# - LIBRARY OF CONGRESS CALL NUMBER
Classification number RC514
Item number .K26
060 ## - NATIONAL LIBRARY OF MEDICINE CALL NUMBER
Classification number WM 203 K17g 1972
096 ## - LOCALLY ASSIGNED NLM-TYPE CALL NUMBER (OCLC)
Classification number WM 203 K141g
001 - CONTROL NUMBER
control field data
100 1# - MAIN ENTRY--PERSONAL NAME
Personal name Kaplan, Arnold R.
245 10 - TITLE STATEMENT
Title Genetic factors in "schizophrenia."
Statement of responsibility, etc. Compiled and edited by Arnold R. Kaplan. With forewords by Arnold Sorsby and Newton E. Morton.
260 ## - PUBLICATION, DISTRIBUTION, ETC.
Place of publication, distribution, etc. Springfield, Ill.,
Name of publisher, distributor, etc. Thomas
Date of publication, distribution, etc. [1972]
300 ## - PHYSICAL DESCRIPTION
Extent xxvi, 698 p.
Other physical details illus.
Dimensions 27 cm.
504 ## - BIBLIOGRAPHY, ETC. NOTE
Bibliography, etc. note Includes bibliographical references.
590 ## - LOCAL NOTE (RLIN)
Local note Includes bibliographical references.
650 #0 - SUBJECT ADDED ENTRY--TOPICAL TERM
Topical term or geographic name entry element Schizophrenia
General subdivision Genetic aspects.
650 #0 - SUBJECT ADDED ENTRY--TOPICAL TERM
Topical term or geographic name entry element Mental illness
General subdivision Genetic aspects.
650 #2 - SUBJECT ADDED ENTRY--TOPICAL TERM
Topical term or geographic name entry element Schizophrenia
General subdivision genetics.
650 #2 - SUBJECT ADDED ENTRY--TOPICAL TERM
Topical term or geographic name entry element Schizophrenia
General subdivision etiology.
Holdings
Withdrawn status Lost status Damaged status Not for loan Home library Current library Shelving location Date acquired Total checkouts Full call number Barcode Date last seen Price effective from Koha item type
        Franklin Franklin General stacks 22/03/2026   RC514 .K26 BC0011276 22/03/2026 22/03/2026 Books